Hitchcock Films in Latin Quiz Stats

 Plays Quiz Updated Jul 2, 2016

Challenge
Share
Tweet
Embed
Score 0/20 Timer 07:00
0 Plays Today
% Correct
The 39 Steps
98.8%
Topaz
95.6%
Rear Window
95.5%
Suspicion
94.9%
The Trouble with Harry
94.6%
The Lady Vanishes
94.4%
Notorious
93.7%
Frenzy
92.3%
Family Plot
91.6%
North by Northwest
89.3%
% Correct
Psycho
88.3%
The Birds
87.6%
Dial M for Murder
86.7%
The Wrong Man
83.5%
The Man Who Knew Too Much
81.1%
Rope
80.4%
Shadow of a Doubt
78.8%
Strangers on a Train
75.3%
Torn Curtain
72.4%
To Catch a Thief
57.2%

You're not logged in!

Compare scores with friends on all Sporcle quizzes.
OR
Log In

You Might Also Like...

Show Comments

Extras

Top Quizzes Today


Score Distribution

Your Account Isn't Verified!

In order to create a playlist on Sporcle, you need to verify the email address you used during registration. Go to your Sporcle Settings to finish the process.

Report this User

Report this user for behavior that violates our Community Guidelines.

Details: